| 000 | 00556nam a2200181Ia 4500 | ||
|---|---|---|---|
| 003 | OSt | ||
| 005 | 20230522144338.0 | ||
| 008 | 210423s1998 xx 000 0 und d | ||
| 040 | _cAL | ||
| 041 | _aeng | ||
| 082 |
_a303.3 _223 _bMUKP |
||
| 100 |
_aMUKHOPADHYAY (Sapna);Savithri (R). _9110342 |
||
| 245 | _aPoverty gender and reproductive choice: an analysis of linkages. | ||
| 260 |
_aNew Delhi _bManohar Publications _c1998 |
||
| 365 |
_b250 _cINR |
||
| 906 | _aan ; analysis ; choice: ; gender ; linkages. ; Poverty ; reproductive | ||
| 942 |
_2ddc _cBK |
||
| 999 |
_c172678 _d172678 |
||